• 首页
  • 本馆介绍
  • 公告通知
  • 最新文献
  • 馆藏检索
  • 电子资源
  • 读者导购
  • 参考咨询
  • 我的图书馆
  • 登录
  • 详细信息显示
  • 放入我的书架
  • 预约/预借图书
  • 作者相关作品
  • 分类相关作品
  • 丛书相关作品
  • 出版社相关作品

书目信息

  • 表格格式
  • 工作单格式
  • 卡片格式
题名:
图腾与禁忌
    
 
作者: 弗洛伊德 著
分册:  
出版信息: 沈阳   辽宁人民出版社  2015.07
页数: 193页
开本: 18cm
丛书名: 最经典英语文库
单 册:
中图分类: B933 , H319.4:B
科图分类:
主题词: 图腾崇拜--英文 , 英语
电子资源:
ISBN: 978-7-205-08288-8
000 00828nam0 2200289 450
001 0120151639167
005 20171030165411.39
010    @a978-7-205-08288-8@dCNY11.00
100    @a20150925d2015 em y0chiy50 ea
101 0  @aeng@gchi
102    @aCN@b210000
105    @ay z 000yy
106    @ar
200 1  @a图腾与禁忌@9tu teng yu jin ji@dTotem and taboo@fSigmund Freud[著]@zeng
210    @a沈阳@c辽宁人民出版社@d2015.07
215    @a193页@d18cm
225 1  @a最经典英语文库
304    @a中文题名信息取自封面
333    @a英语学习者
510 1  @aTotem and taboo@zeng
606 0  @a图腾崇拜@x英文
606 0  @a英语
690    @aB933@v5
690    @aH319.4:B@v4
701  0 @c(奥)@a弗洛伊德@9fu luo yi de@c(Freud, Sigmund)@4著
801  0 @aCN@b人天书店@c20150925
905    @b1079559-64@dH319.4:B@e1905@f6
    
    图腾与禁忌=Totem and taboo/Sigmund Freud[著].-沈阳:辽宁人民出版社,2015.07
    193页;18cm.-(最经典英语文库)
    使用对象:英语学习者
    
    ISBN 978-7-205-08288-8:CNY11.00
    
●
相关链接 在E读中查询图书 在五车中查询图书 在当当中查询图书 在豆瓣中查询图书


正题名:图腾与禁忌     索取号:H319.4:B/1905         预约/预借

序号 登录号 条形码 馆藏地/架位号 状态 备注
1 1079559   210795594   第二样本阅览室/ [索取号:H319.4:B/1905] 在馆    
2 1079560   210795601   密集书库—外国语学院/ [索取号:H319.4:B/1905] 在馆    
3 1079561   210795610   第四借阅区/ [索取号:H319.4:B/1905] 在馆    
4 1079562   210795629   第四借阅区/ [索取号:H319.4:B/1905] 在馆    
5 1079563   210795638   第四借阅区/ [索取号:H319.4:B/1905] 在馆    
6 1079564   210795647   第四借阅区/ [索取号:H319.4:B/1905] 在馆    
唐山师范学院图书馆 欢迎您!
大连网信软件有限公司© 版权所有